Logistics: Μάνατζμεντ και Στρατηγική (Record no. 8219)
[ view plain ]
| 000 -LEADER | |
|---|---|
| fixed length control field | 01759cam a22001934a 4500 |
| 005 - ΗΜΕΡΟΜΗΝΙΑ ΚΑΙ ΩΡΑ ΤΕΛΕΥΤΑΙΑΣ ΕΝΗΜΕΡΩΣΗΣ | |
| Πεδίο ελέγχου | 20250605163632.0 |
| 008 - FIXED-LENGTH DATA ELEMENTS--GENERAL INFORMATION | |
| Πεδίο ελέγχου σταθερού μήκους | 250528s ||||||||||||||||||||||||d |
| 035 ## - SYSTEM CONTROL NUMBER | |
| System control number | 23189 |
| 020 ## - ISBN | |
| ISBN | 9789608940789 |
| 040 ## - ΠΗΓΗ ΚΑΤΑΛΟΓΟΓΡΑΦΗΣΗΣ | |
| Φορέας πρωτότυπης καταλογογράφησης | MC Athens Campus Library |
| Γλώσσα καταλογογράφησης | Ελληνικά, Μοντέρνα (1453-) |
| Modifying agency | MC Athens Campus Library |
| Κανόνες περιγραφικής καταλογογράφησης | AACR2 |
| 245 1# - ΤΙΤΛΟΣ ΚΑΙ ΔΗΛΩΣΗ ΥΠΕΥΘΥΝΟΤΗΤΑΣ | |
| Τίτλος | Logistics: Μάνατζμεντ και Στρατηγική |
| 250 ## - EDITION STATEMENT | |
| Edition statement | 1η |
| 260 ## - PUBLICATION, DISTRIBUTION, ETC. | |
| Name of publisher, distributor, etc. | Rosili, |
| Date of publication, distribution, etc. | 2013 |
| 300 ## - PHYSICAL DESCRIPTION | |
| Extent | 546 |
| 520 ## - SUMMARY, ETC. | |
| Summary, etc. | Μία συνοπτική, εφαρμοσμένη και σύγχρονη εισαγωγή στην έννοια των Logistics και στο μάνατζμεντ της αλυσίδας εφοδιασμού, ιδανική για τους σύγχρονους μάνατζερς και τους φοιτητές. Ανταγωνιστικό Πλεονέκτημα μέσω των Logistics, Logistics και Αλυσίδα Εφοδιασμού, Τον Πρώτο Λόγο έχει ο Τελικός Πελάτης, Η Αξία και το Κόστος των Logistics, Ενδυνάμωση των Δραστηριοτήτων των Logistics, Το Μάντζμεντ των Logistics σε Διεθνές Επίπεδο, Διαχείριση του Χρόνου Ανοχής, Σχεδιασμός και Έλεγχος της Αλυσίδας Εφοδιασμού, Παράδοση την Στιγμή που Χρειάζεται (Just - in - Time) και Ευέλικτη Αλυσίδα Εφοδιασμού, Συνεργασία, Ολοκλήρωση της Αλυσίδας Εφοδιασμού, Προμήθειες και Διοίκηση Εφοδιασμού, Αλλάζοντας το Μέλλον, Μελλοντικές Προκλήσεις και Ευκαιρίες στα Logistics. |
| 942 ## - ADDED ENTRY ELEMENTS (KOHA) | |
| Koha item type | Books |
| Τύπος τεκμηρίου | Βιβλιοθήκη | Τρέχουσα τοποθεσία | Barcode | Αριθμός εισαγωγής | Ημερομηνία απόκτησης | Ταξιθετικό σύμβολο | Αριθμός αντιτύπου | Κατάσταση απόσυρσης | Κατάσταση χαμένου | Κατάσταση κατεστραμμένου | Μη δανεισμός | Σύνολο δανεισμών | Ημερομηνία τελευταίας εμφάνισης | Η τιμή ισχύει από |
|---|---|---|---|---|---|---|---|---|---|---|---|---|---|---|
| Books | MC Athens Campus Library | MC Athens Campus Library | 9780000082183 | 7511 | 05/06/2025 | 658.5 GIA | 1 | 05/06/2025 | 05/06/2025 |